| 000 | 00659nam a2200181 i 4500 | ||
|---|---|---|---|
| 001 | 183948 | ||
| 003 | ES-MaACL | ||
| 005 | 20230906222016.0 | ||
| 008 | 141223s1840 xxk |||| | eng d | ||
| 080 | _a61(410) | ||
| 110 | 2 |
_aUniversity College, London. _bFaculty of Medicine . _9156074 |
|
| 245 | 1 | 0 | _aUniversity College, London : Faculty of Medicine : session 1840-41. |
| 260 |
_a[London : _bs.n., _c1840?] |
||
| 300 |
_a8 p. ; _c20 cm. |
||
| 594 | _aTítulo y encabezamiento tomado de principio del texto. | ||
| 650 | 4 |
_aMedicina- _zGran Bretaña. _9175679 |
|
| 852 | 4 |
_aES-MaACL _jT-15-F-4 _z- Enc. en un vol. facticio _z- Falto de cub. original |
|
| 999 |
_c183948 _d183948 |
||